000 00825nam a2200253Ia 4500
003 OSt
005 20221005113516.0
006 a|||||r|||| 00| 0
007 ta
008 221004b |||||||| |||| 00| 0 pan d
020 _c175
024 _a15667
037 _b892, 08/09/2014, H.K. Prakashan
_cTextual
040 _aCRL
_cCRL
_bpan
041 _2pan
_apan
082 _aO111,3N15x, 153Q4
100 _aਸਿੰਘ, ਖੁFਵੰਤ
245 0 _aਪਾਕਿਸਤਾਨ ਮੇਲ
260 _aਲੁਧਿਆਣਾ
_bਲਾਹੌਰ ਬੁਕਸ ਭਾਰਤ
_c2014
300 _a207ਪੰ
_ccm.
650 _aਪੰਜਾਬੀ ਸਾਹਿਤ
942 _hO111,3N15x, 153Q4
_cTEXL
_2cc
999 _c1028408
_d1028408